01262nam a2200253 a 450000100060000000300080000600500170001400800410003102000320007203500190010404000250012304100080014808200240015611100870018024503370026726000630060430000310066750400510069865000630074965000600081265000680087270000220094071000460096259948BD-RjUL20211209080804.0161228s1994 enkc b 101 0 eng d a0851431453 (pbk) :c£14.50 a(BD-RjUL)60072 aUkcUkdBD-RjULbeng aeng00a363.7223bPEO 19912 aCongress of the Universities of the Commonwealthn(15th :d1993 :cSwansea, Wales)10aPeople and the environment :bpreserving the balance : the report of proceedings of the Fifteenth Congress of the Universities of the Commonwealth, Swansea, August 1993 : including keynote address by Sir John Houghton, Chairman of the Royal Commission on Environmental Pollution /c[editor of congress proceedings Eileen A. Archer]. aLondon :bAssociation of Commonwealth Universities,c1991. a452 p. :bports. ;c24 cm. aIncludes bibliographical references and index. 0aEnvironmental policyzCommonwealth of NationsxCongresses. 0aEnvironmental policyzDeveloping countriesxCongresses. 0aUniversities and collegeszCommonwealth of NationsxCongresses.1 aArcher, Eileen A.2 aAssociation of Commonwealth Universities.